000 00642nam a2200241Ia 4500
003 0100
008 130303s9999 xx 000 0 und d
020 _a0631188657
040 _cARRUPELIB
050 _aBD21.M67
100 _aMorton, Adam
245 _aPhilosophy in practice
245 _ban introduction to the main question
260 _aOxford
260 _bBlackwell Publishers
260 _C1996
300 _axvi
300 _b 488p. 23 cm
650 _bEpigrams, French
650 _cLiterature, Modern-20th century-history and criticism
650 _dMaistre, Joseph Marie, comte de, 1753-1821
942 _2lcc
_04
999 _c63866
_d63866